00529nam a2200169Ia 450000500170000000800410001702000150005808200130007310000250008624500320011126000440014330000130018750000390020094200060023995200990024599900150034420250430034115.0240331s9999 xx 000 0 und d a9559078038 bWOMa891 aMedia collective. ed 0aYuththa kalaththil pennkal  aColombobWomen & Media Collectivec2002 a117 p ., aA book of Sri Lankan Women's Poems cL 001040708LaWERCLbWERCLcSSCd2024-03-31l0o 894.811 WOMp4818r2024-03-31w2024-03-31yL c4358d4358